Kam vedie mliečna dráha

Zdravotná osveta ovplyvňuje výrobu i spotrebu mliečnych výrobkov. Bielkoviny áno, ale radšej bez tuku. Tri skupiny syrov. Zaostávanie v spotrebe mliečnych výrobkov na 1 obyvateľa. Prieskum koľko a akých mliečnych výrobkov spotrebitelia kupujú.

Na minha lista:
Detalhes bibliográficos
Autor principal: Vojtková, Viera
Formato: Capítulo de Livro
Idioma:eslovaco
Assuntos:
Tags: Adicionar Tag
Sem tags, seja o primeiro a adicionar uma tag!

MARC

LEADER 00000naa a2200000 4500
001 r043971
005 20231002114544.4
041 0 |a slo 
044 |a SK 
245 1 0 |a Kam vedie mliečna dráha  |c Viera Vojtková 
520 |a Zdravotná osveta ovplyvňuje výrobu i spotrebu mliečnych výrobkov. Bielkoviny áno, ale radšej bez tuku. Tri skupiny syrov. Zaostávanie v spotrebe mliečnych výrobkov na 1 obyvateľa. Prieskum koľko a akých mliečnych výrobkov spotrebitelia kupujú. 
610 2 0 |a mlieko 
610 2 0 |a priemysel mliekarský 
610 2 0 |a výrobky živočíšne 
610 2 0 |a prieskum spotrebiteľský 
610 2 0 |a prieskum trhu 
610 2 0 |a spotreba potravín 
610 2 0 |a Slovensko 
100 1 |a Vojtková, Viera